Bosnia and Herzegovina FIFA World Cup Players - Statistics

General Stats
  • This quiz has been taken 25 times
  • The average score is 8 of 20
Answer Stats
Zmajevi % Correct
Edin Džeko
100%
Miralem Pjanić
89%
Asmir Begović
79%
Zvjezdan Misimović
58%
Emir Spahić
53%
Sead Kolašinac
53%
Muhamed Bešić
42%
Vedad Ibišević
37%
Avdija Vršajević
32%
Ermin Bičakčić
32%
Haris Medunjanin
32%
Edin Višća
26%
Izet Hajrović
26%
Mensur Mujdža
26%
Sejad Salihović
21%
Ognjen Vranješ
16%
Senad Lulić
16%
Tino-Sven Sušić
16%
Toni Šunjić
16%
Anel Hadžić
11%
No matching quizzes found
Score Distribution
Percent of People with Each Score
Percentile by Number Answered
Your Score History
You have not taken this quiz